The Fosters (TV Show) - Statistics

General Stats
  • This quiz has been taken 460 times
  • The average score is 8 of 9
Answer Stats
Question Answer % Correct
Name of girl adopted from foster care? Callie
98%
Name of the male twin? Jesus
98%
Name of the female twin? Mariana
96%
Name of the the biological child? Brandon
95%
Name of brother of above? Jude
94%
What is the vice principal mom called? Lena
94%
What is the (police officer) mom called? Stef
92%
Biological mother of twins? Ana
86%
Dad of biological son? Mike
82%
No matching quizzes found
Score Distribution
Percent of People with Each Score
Percentile by Number Answered
Your Score History
You have not taken this quiz